guess the footy teams - Statistics

General Stats
  • This quiz has been taken 17 times
  • The average score is 10 of 16
Answer Stats
Picture Answer % Correct
barcelona
100%
nantes
94%
ajax
88%
aston villa
88%
brentford
81%
milan
81%
porto
75%
burnley
63%
schalke
63%
basel
56%
union berlin
56%
celta
50%
heidenheim
44%
nurnberg
31%
ausberg
0%
blogna
0%
No matching quizzes found
Score Distribution
Percent of People with Each Score
Percentile by Number Answered
Your Score History
You have not taken this quiz